| 000 | 00506nam a2200181 i 4500 | ||
|---|---|---|---|
| 001 | 128265 | ||
| 003 | ES-MaACL | ||
| 005 | 20250809025220.0 | ||
| 007 | t| | ||
| 008 | 070627s1914 gw ||||1| ger d | ||
| 100 | 1 |
_aZitelmann, Ernest. _9118305 |
|
| 245 | 1 | 0 |
_aInternationales privatrecht / _cErnest Zitelmann. |
| 260 |
_aMünchen : _bDuncker & Humblot, _c1914. |
||
| 300 | _a2 v. | ||
| 650 | 1 | 7 |
_aDerecho internacional privado _2embne _911721 |
| 852 |
_aES-MaACL _jF-145-46 |
||
| 999 |
_c128265 _d128265 |
||